Normal view
MARC view
- Orfiano, Patrocinia A.
Entry Personal Name
001 - CONTROL NUMBER
- control field: 60827
003 - CONTROL NUMBER IDENTIFIER
- control field: OSt
005 - DATE AND TIME OF LATEST TRANSACTION
- control field: 20240912110015.0
008 - FIXED-LENGTH DATA ELEMENTS
- fixed length control field: 240912|| aca||aabn | a|a d
040 ## - CATALOGING SOURCE
- Original cataloging agency: OSt
- Transcribing agency: OSt
100 ## - HEADING--PERSONAL NAME
- Personal name: Orfiano, Patrocinia A.
- Relator term: author.
670 ## - SOURCE DATA FOUND
- Source citation: Work cat.: (OSt): Orfiano, Patrocinia A. author., Inclusive school for children with special needs /, February 2020.
